If Europe Didn't Exist... - Statistics

General Stats
  • This quiz has been taken 1,779 times
    113 since last reset
  • The average score is 69 of 100
Answer Stats
% Correct
GDP per capita | Largest wine producer | Milk consumption/person | +3 others United States
97%
Best Global Peace Index | Electricity exports | First to legalize same-sex marriage | Most mentioned Russian enemy Canada
93%
Electricity exports | Highest home ownership | Largest wine producer | Most irreligious China
92%
Best Global Peace Index | GDP per capita | GDP per capita in 2030 (PPP) | +2 others Singapore
89%
Alcohol consumption per capita | Largest wine producer | Milk consumption/person | Vehicles per capita Australia
87%
A+ blood type distribution | Best Global Peace Index | Highest mortality | +2 others Japan
87%
Lowest infant mortality | Most irreligious South Korea
85%
First to legalize same-sex marriage | Russian diaspora Brazil
82%
Best Global Peace Index | Vehicles per capita New Zealand
82%
Smallest Nauru
80%
First to legalize same-sex marriage | Largest wine producer Argentina
79%
Largest wine producer Chile
76%
GDP per capita | GDP per capita in 2030 (PPP) | Lowest homicide rate Qatar
76%
GDP per capita in 2030 (PPP) United Arab Emirates
75%
Lowest homicide rate Bahrain
74%
Highest border-area ratio | Lowest infant mortality | Russian diaspora Israel
73%
Most irreligious | Most literate North Korea
73%
Lowest homicide rate | Smallest Tuvalu
70%
Most mentioned Russian enemy Iraq
69%
Highest home ownership | Milk consumption/person | Most literate | Russian diaspora Kazakhstan
69%
Electricity exports | First to legalize same-sex marriage South Africa
68%
GDP per capita | GDP per capita in 2030 (PPP) | Highest border-area ratio | Vehicles per capita Brunei
64%
Lowest homicide rate Oman
64%
Vehicles per capita Taiwan
64%
Highest home ownership Vietnam
64%
Highest mortality Peru
63%
Smallest Saint Kitts and Nevis
62%
A+ blood type distribution Turkey
61%
Most literate Azerbaijan
60%
Most literate | Most mentioned Russian enemy Georgia
60%
Best Global Peace Index Malaysia
60%
A+ blood type distribution | Highest border-area ratio Armenia
58%
Smallest Maldives
57%
Highest mortality | Most mentioned Russian enemy Afghanistan
54%
Highest home ownership Cuba
54%
Highest border-area ratio Lebanon
54%
First to legalize same-sex marriage | Milk consumption/person | Most irreligious Uruguay
54%
Most literate | Russian diaspora Uzbekistan
54%
Milk consumption/person Kyrgyzstan
52%
Alcohol consumption per capita Seychelles
52%
Smallest Marshall Islands
51%
Electricity exports Paraguay
50%
Alcohol consumption per capita | Electricity exports | Highest home ownership Laos
48%
A+ blood type distribution Nepal
46%
GDP per capita | GDP per capita in 2030 (PPP) Guyana
43%
A+ blood type distribution | Lowest infant mortality Cyprus
34%
Highest mortality Somalia
31%
Alcohol consumption per capita Tanzania
27%
Alcohol consumption per capita Uganda
23%
Highest mortality Central African Republic
22%
Highest border-area ratio Gambia
22%
No matching quizzes found
Score Distribution
Percent of People with Each Score
Percentile by Number Answered
Your Score History
You have not taken this quiz since the last reset